Menová politika v transformujúcich sa ekonomikách medzinárodná konferencia 21.-22. septembra 1998, Banská Bystrica

Guardado en:
Detalles Bibliográficos
Autor Corporativo: Menová politika v transformujúcich sa ekonomikách. Medzinárodná konferencia
Formato: Libro
Lenguaje:eslovaco
checo
Publicado: Banská Bystrica B+Business Centre 1999
Materias:
Etiquetas: Agregar Etiqueta
Sin Etiquetas, Sea el primero en etiquetar este registro!

MARC

LEADER 00000nam$a2200000$$$4500
001 0098105
005 20240104091536.0
041 0 |a slo 
041 0 |a cze 
044 |a SK 
245 1 0 |a Menová politika v transformujúcich sa ekonomikách  |b medzinárodná konferencia 21.-22. septembra 1998, Banská Bystrica 
264 1 |a Banská Bystrica  |b B+Business Centre  |c 1999 
300 |a 120 s. 
610 2 0 |a politika menová 
610 2 0 |a politika hospodárska 
610 2 0 |a teória peňažná 
610 2 0 |a politika peňažná 
110 2 |a Menová politika v transformujúcich sa ekonomikách. Medzinárodná konferencia